[Event "PRO League Stage"]
[Site "Chess.com INT"]
[Date "2019.02.27"]
[Round "8"]
[White "Xu, Xiangyu"]
[Black "Miroshnichenko, Evgenij"]
[Result "1-0"]
[WhiteElo "2567"]
[BlackElo "2597"]
[PlyCount "77"]
[EventDate "2019.01.08"]
[EventType "team-swiss (rapid)"]
[EventRounds "10"]
[EventCountry "USA"]
[SourceTitle "CBM 189 Extra"]
[Source "ChessBase"]
[SourceDate "2019.05.31"]
[SourceVersion "1"]
[SourceVersionDate "2019.05.31"]
[SourceQuality "1"]
[WhiteTeam "Chengdu Pandas"]
[BlackTeam "Australia Kangaroos"]
[WhiteTeamCountry "CHN"]
[BlackTeamCountry "AUS"]

1. d4 Nf6 2. c4 g6 3. Nc3 Bg7 4. e4 0-0 5. Nf3 d6 6. h3 e5 7. d5 a5 8. Bd3 Na6 9. 0-0 Nh5 10. a3 Bd7 11. Bc2 Nf4 12. Ne2 Nxe2+ 13. Qxe2 a4 14. Be3 b6 15. Nd2 Nc5 16. Nb1 f5 17. exf5 gxf5 18. Nc3 Qh4 19. f4 Rae8 20. fxe5 Bxe5 21. Qf2 Qxc4 22. Rad1 Rf7 23. Bd4 Nb3 24. Bxe5 dxe5 25. Bxb3 axb3 26. d6 Bc6 27. dxc7 Rxc7 28. Qxf5 Rg7 29. Rf2 Qc5 30. Ne4 Bxe4 31. Qe6+ Kh8 32. Qxe8+ Rg8 33. Qf7 Rxg2+ 34. Kf1 Qb5+ 35. Ke1 Rg1+ 36. Rf1 Rxf1+ 37. Qxf1 Qa5+ 38. Ke2 Qb5+ 39. Ke3 1-0

[Event "Saint Louis Winter-A"]
[Site "Saint Louis"]
[Date "2018.11.12"]
[Round "8"]
[White "Xiong, Jeffery"]
[Black "Miroshnichenko, Evgenij"]
[Result "1/2-1/2"]
[WhiteElo "2675"]
[BlackElo "2606"]
[PlyCount "77"]
[EventDate "2018.11.05"]
[EventType "tourn"]
[EventRounds "9"]
[EventCountry "USA"]
[EventCategory "16"]
[SourceTitle "CBM 187 Extra"]
[Source "ChessBase"]
[SourceDate "2018.11.04"]
[SourceVersion "1"]
[SourceVersionDate "2018.11.04"]
[SourceQuality "1"]

1. e4 e5 2. Nf3 Nf6 3. Nxe5 d6 4. Nf3 Nxe4 5. d3 Nf6 6. d4 Be7 7. Bd3 0-0 8. 0-0 c5 9. Nc3 Nc6 10. d5 Nb4 11. Re1 Nxd3 12. Qxd3 Bg4 13. h3 Bxf3 14. Qxf3 Qd7 15. a4 Rfe8 16. Bf4 Bf8 17. Bg5 Rxe1+ 18. Rxe1 Re8 19. Rxe8 Nxe8 20. Qg4 Qxg4 21. hxg4 f6 22. Bf4 Kf7 23. f3 Ke7 24. Ne4 Kd7 25. Kf2 Nc7 26. c4 a5 27. Bd2 b6 28. f4 Ne8 29. Bc3 Ke7 30. Kf3 Kf7 31. g5 f5 32. Nd2 g6 33. g4 Bg7 34. Nb1 Bxc3 35. Nxc3 Ng7 36. gxf5 Nxf5 37. Ne4 Ke7 38. Ng3 Nxg3 39. Kxg3 1/2-1/2

[Event "Saint Louis Winter-A"]
[Site "Saint Louis"]
[Date "2018.11.10"]
[Round "6"]
[White "Melkumyan, Hrant"]
[Black "Miroshnichenko, Evgenij"]
[Result "1-0"]
[WhiteElo "2668"]
[BlackElo "2606"]
[PlyCount "111"]
[EventDate "2018.11.05"]
[EventType "tourn"]
[EventRounds "9"]
[EventCountry "USA"]
[EventCategory "16"]
[SourceTitle "CBM 187 Extra"]
[Source "ChessBase"]
[SourceDate "2018.11.04"]
[SourceVersion "1"]
[SourceVersionDate "2018.11.04"]
[SourceQuality "1"]

1. d4 Nf6 2. c4 e6 3. Nf3 d5 4. Nc3 a6 5. cxd5 exd5 6. Bg5 Be6 7. Qb3 Ra7 8. e3 Nbd7 9. Bd3 Be7 10. Qc2 0-0 11. h3 c5 12. dxc5 Nxc5 13. 0-0 h6 14. Bf4 Ra8 15. Rad1 Rc8 16. Be5 Nfe4 17. Qe2 Nxc3 18. Bxc3 Bf6 19. Bd4 Bd7 20. Rfe1 Re8 21. Bb1 Bb5 22. Qd2 Ne4 23. Bxf6 Nxd2 24. Bxd8 Nxf3+ 25. gxf3 Rexd8 26. Rd2 Kf8 27. Red1 Ke7 28. Kg2 Ba4 29. b3 Bc6 30. Bf5 Bd7 31. Bxd7 Rxd7 32. Rxd5 Rxd5 33. Rxd5 Rc2 34. Ra5 g5 35. Ra4 Rb2 36. Kg3 Kf6 37. f4 Kg6 38. f3 gxf4+ 39. Kxf4 Rh2 40. Kg3 Re2 41. e4 f6 42. Kf4 Rh2 43. Rb4 b5 44. Rd4 Rxh3 45. Rd6 Rh5 46. b4 a5 47. bxa5 b4 48. a6 Ra5 49. Rb6 Kf7 50. Rxb4 Rxa2 51. Rb7+ Kg6 52. Ra7 h5 53. Ra8 Ra5 54. a7 Kg7 55. Kg3 Ra1 56. f4 1-0

[Event "Saint Louis Winter-A"]
[Site "Saint Louis"]
[Date "2018.11.08"]
[Round "4"]
[White "Sasikiran, Krishnan"]
[Black "Miroshnichenko, Evgenij"]
[Result "1/2-1/2"]
[WhiteElo "2671"]
[BlackElo "2606"]
[PlyCount "95"]
[EventDate "2018.11.05"]
[EventType "tourn"]
[EventRounds "9"]
[EventCountry "USA"]
[EventCategory "16"]
[SourceTitle "CBM 187 Extra"]
[Source "ChessBase"]
[SourceDate "2018.11.04"]
[SourceVersion "1"]
[SourceVersionDate "2018.11.04"]
[SourceQuality "1"]

1. e4 e5 2. Nf3 Nf6 3. Nxe5 d6 4. Nf3 Nxe4 5. Nc3 Nxc3 6. dxc3 Be7 7. Be3 0-0 8. Qd2 Nd7 9. 0-0-0 Nf6 10. Bd3 c5 11. Rhe1 Be6 12. Kb1 Qa5 13. c4 Qxd2 14. Bxd2 Rfe8 15. Ng5 Bd7 16. f3 Bc6 17. a3 h6 18. Ne4 Nxe4 19. Bxe4 Bxe4 20. Rxe4 Bf8 21. Bf4 g5 22. Bg3 f5 23. Ree1 Kf7 24. Kc1 Rxe1 25. Rxe1 Re8 26. Rxe8 Kxe8 27. Kd2 Kd7 28. Be1 h5 29. h3 Bg7 30. b3 Ke6 31. Kd3 Bf6 32. a4 Bd8 33. g4 hxg4 34. fxg4 fxg4 35. hxg4 a5 36. Ke4 b6 37. Bc3 Be7 38. Bg7 Bd8 39. Bb2 Be7 40. Bc1 Bd8 41. Be3 Be7 42. Bd2 Bd8 43. c3 Be7 44. b4 Bd8 45. Be1 Be7 46. Bf2 Bf6 47. Be1 Be7 48. b5 1/2-1/2

[Event "PRO League Stage"]
[Site "Chess.com INT"]
[Date "2018.02.24"]
[Round "7"]
[White "Guseinov, Gadir"]
[Black "Miroshnichenko, Evgenij"]
[Result "1-0"]
[WhiteElo "2646"]
[BlackElo "2606"]
[PlyCount "117"]
[EventDate "2018.01.18"]
[EventType "team-swiss (rapid)"]
[EventRounds "9"]
[EventCountry "USA"]
[SourceTitle "EXT 2019"]
[Source "ChessBase"]
[SourceDate "2018.10.10"]
[SourceVersion "1"]
[SourceVersionDate "2018.10.10"]
[SourceQuality "1"]
[WhiteTeam "Estonia Horses"]
[BlackTeam "Australia Kangaroos"]
[WhiteTeamCountry "EST"]
[BlackTeamCountry "AUS"]

1. e4 d5 2. exd5 Qxd5 3. Nc3 Qa5 4. g3 Nf6 5. Bg2 c6 6. Nge2 g6 7. 0-0 Bg7 8. d3 0-0 9. Re1 Qh5 10. Nf4 Qxd1 11. Nxd1 Re8 12. Nc3 Na6 13. a3 Nc7 14. h3 e5 15. Nfe2 Be6 16. b3 Rad8 17. Bb2 Bc8 18. Rad1 Nfd5 19. Kh2 Ne6 20. Nxd5 cxd5 21. c4 dxc4 22. dxc4 Nc5 23. Nc1 Rxd1 24. Rxd1 e4 25. Bxg7 Kxg7 26. b4 Na4 27. Ne2 b6 28. Rd4 f5 29. Kg1 Kf6 30. h4 Be6 31. Nf4 Bf7 32. Bf1 Ke7 33. f3 exf3 34. Kf2 Rd8 35. Rxd8 Kxd8 36. Kxf3 Ke7 37. Ke3 Nc3 38. Bd3 Nd1+ 39. Kd4 Nf2 40. c5 bxc5+ 41. bxc5 h6 42. h5 g5 43. Ng6+ Kf6 44. c6 Nxd3 45. Kxd3 Be6 46. Kd4 Bc8 47. Kd5 f4 48. gxf4 gxf4 49. Nxf4 Kg5 50. Ke5 a5 51. c7 Kg4 52. Nd5 Kxh5 53. Ne7 Bd7 54. Kf4 Be6 55. a4 Bd7 56. c8Q Bxc8 57. Nxc8 Kg6 58. Ne7+ Kf6 59. Nc6 1-0

[Event "PRO League Stage"]
[Site "Chess.com INT"]
[Date "2018.02.24"]
[Round "7"]
[White "Kantans, Toms"]
[Black "Miroshnichenko, Evgenij"]
[Result "1-0"]
[WhiteElo "2478"]
[BlackElo "2606"]
[PlyCount "111"]
[EventDate "2018.01.18"]
[EventType "team-swiss (rapid)"]
[EventRounds "9"]
[EventCountry "USA"]
[SourceTitle "EXT 2019"]
[Source "ChessBase"]
[SourceDate "2018.10.10"]
[SourceVersion "1"]
[SourceVersionDate "2018.10.10"]
[SourceQuality "1"]
[WhiteTeam "Riga Magicians"]
[BlackTeam "Australia Kangaroos"]
[WhiteTeamCountry "LAT"]
[BlackTeamCountry "AUS"]

1. e4 d5 2. exd5 Qxd5 3. Nc3 Qa5 4. d4 Nf6 5. Nf3 Bf5 6. Bd2 e6 7. Nb5 Qb6 8. a4 a5 9. Bf4 Nd5 10. Bc1 Nb4 11. Na3 c6 12. c3 Nd5 13. Nc4 Qd8 14. Bd3 Bxd3 15. Qxd3 Be7 16. 0-0 Nd7 17. Re1 0-0 18. Nce5 Nxe5 19. Nxe5 Bd6 20. Bd2 Qc7 21. h4 Rad8 22. h5 Nf6 23. Qf3 Be7 24. h6 g6 25. Bf4 Nd5 26. Nxg6 Nxf4 27. Nxe7+ Kh8 28. Re4 Qxe7 29. Qxf4 Rd5 30. Rae1 Rg8 31. Re5 Rdd8 32. Rf5 Rdf8 33. Qe5+ f6 34. Qxe6 Qd8 35. Re3 Rg6 36. Qe7 Qc8 37. Rh5 Rfg8 38. g3 Qg4 39. Qc5 b6 40. Qf5 Qd1+ 41. Kg2 Qd2 42. b3 Qb2 43. Qe6 Qd2 44. Rh4 Qd1 45. Qxc6 Qxb3 46. Rf4 Qf7 47. Re6 Rf8 48. Rh4 Rb8 49. d5 b5 50. axb5 a4 51. Rxa4 Rxh6 52. Qd6 Rg8 53. Ree4 f5 54. Qxh6 fxe4 55. Qe3 Qxd5 56. Qd4+ 1-0

[Event "PRO League Stage"]
[Site "Chess.com INT"]
[Date "2018.02.24"]
[Round "7.7"]
[White "Miroshnichenko, Evgenij"]
[Black "Atalik, Suat"]
[Result "1/2-1/2"]
[WhiteElo "2606"]
[BlackElo "2507"]
[PlyCount "142"]
[EventDate "2018.01.18"]
[EventType "team-swiss (rapid)"]
[EventRounds "9"]
[EventCountry "USA"]
[SourceTitle "CBM 183"]
[Source "ChessBase"]
[SourceDate "2018.03.14"]
[SourceVersion "1"]
[SourceVersionDate "2018.03.14"]
[SourceQuality "1"]
[WhiteTeam "Australia Kangaroos"]
[BlackTeam "Amsterdam Mosquitos"]
[WhiteTeamCountry "AUS"]
[BlackTeamCountry "NED"]

1. Nf3 Nf6 2. c4 c5 3. Nc3 e6 4. g3 b6 5. Bg2 Bb7 6. 0-0 Be7 7. b3 0-0 8. Bb2 d5 9. e3 Qc8 10. cxd5 Nxd5 11. Nxd5 Bxd5 12. d3 Rd8 13. Qe2 Nd7 14. Rac1 Qa6 15. Rc2 Bf6 16. e4 Bc6 17. e5 Be7 18. Ra1 Nf8 19. d4 Qxe2 20. Rxe2 Rac8 21. Rd1 Bb5 22. Rc2 Ng6 23. h4 h5 24. Rdc1 Bd3 25. Rd2 Be4 26. dxc5 Bxc5 27. Rcd1 Rxd2 28. Rxd2 Bd5 29. Ng5 Bb4 30. Re2 Ne7 31. Ne4 Nf5 32. a3 Be7 33. b4 a5 34. bxa5 bxa5 35. Rd2 Rb8 36. Rc2 Kh7 37. Nc3 Bxg2 38. Kxg2 Rc8 39. Rc1 Rc4 40. Nb5 Rxc1 41. Bxc1 Bd8 42. Bd2 Bb6 43. a4 Kg8 44. Na3 Nd4 45. Nc4 Nb3 46. Bc3 Bc7 47. f3 Nc5 48. Bxa5 Bxa5 49. Nxa5 Nxa4 50. Nc4 f6 51. exf6 gxf6 52. g4 Kg7 53. Kg3 Kg6 54. Ne3 Nc3 55. Ng2 e5 56. Ne3 Ne2+ 57. Kf2 Nd4 58. Kg3 f5 59. gxf5+ Nxf5+ 60. Nxf5 Kxf5 61. Kg2 Kf4 62. Kf2 e4 63. fxe4 Kxe4 64. Ke2 Kf4 65. Kf2 Kg4 66. Kg2 Kxh4 67. Kh2 Kg4 68. Kg2 h4 69. Kh2 h3 70. Kg1 Kg3 71. Kh1 h2 1/2-1/2

[Event "PRO League Stage"]
[Site "Chess.com INT"]
[Date "2018.02.24"]
[Round "7"]
[White "Miroshnichenko, Evgenij"]
[Black "Pruijssers, Roeland"]
[Result "1-0"]
[WhiteElo "2606"]
[BlackElo "2536"]
[PlyCount "49"]
[EventDate "2018.01.18"]
[EventType "team-swiss (rapid)"]
[EventRounds "9"]
[EventCountry "USA"]
[SourceTitle "EXT 2019"]
[Source "ChessBase"]
[SourceDate "2018.10.10"]
[SourceVersion "1"]
[SourceVersionDate "2018.10.10"]
[SourceQuality "1"]
[WhiteTeam "Australia Kangaroos"]
[BlackTeam "Oslo Trolls"]
[WhiteTeamCountry "AUS"]
[BlackTeamCountry "NOR"]

1. Nf3 f5 2. c4 Nf6 3. Nc3 d6 4. d4 g6 5. g3 Bg7 6. Bg2 0-0 7. 0-0 Qe8 8. Qb3 c6 9. Re1 Na6 10. Bf4 Ne4 11. Rad1 e5 12. Bc1 Nxc3 13. Qxc3 exd4 14. Qa3 c5 15. e3 dxe3 16. Bxe3 Qd8 17. Bf4 Bd7 18. Rxd6 Qc8 19. Re7 Bc6 20. Qe3 Be4 21. Rxg7+ Kxg7 22. Be5+ Kg8 23. Qh6 Rf7 24. Rxg6+ hxg6 25. Qh8# 1-0

[Event "PRO League Stage"]
[Site "Chess.com INT"]
[Date "2018.02.03"]
[Round "4"]
[White "Miroshnichenko, Evgenij"]
[Black "Lenderman, Aleksandr"]
[Result "1-0"]
[WhiteElo "2606"]
[BlackElo "2611"]
[PlyCount "67"]
[EventDate "2018.01.18"]
[EventType "team-swiss (rapid)"]
[EventRounds "9"]
[EventCountry "USA"]
[SourceTitle "CBM 182 Extra"]
[Source "ChessBase"]
[SourceDate "2018.02.23"]
[SourceVersion "1"]
[SourceVersionDate "2018.02.23"]
[SourceQuality "1"]
[WhiteTeam "Australia Kangaroos"]
[BlackTeam "Montclair Sopranos"]
[WhiteTeamCountry "AUS"]
[BlackTeamCountry "USA"]

1. Nf3 d5 2. g3 Nf6 3. Bg2 e6 4. 0-0 Be7 5. c4 0-0 6. b3 d4 7. e3 c5 8. exd4 cxd4 9. d3 Nc6 10. Re1 Nd7 11. Ba3 e5 12. Bxe7 Qxe7 13. Nbd2 Nc5 14. Qe2 f6 15. Ne4 Ne6 16. a3 a5 17. Qc2 f5 18. Ned2 Nc5 19. Rab1 Nd7 20. Qb2 Qf6 21. b4 axb4 22. axb4 Ra4 23. b5 Nb4 24. Nxe5 Nxe5 25. Qb3 Ra2 26. Rxe5 Qxe5 27. Qxb4 Be6 28. Nf3 Qe2 29. Qe1 Rd8 30. Ng5 Bc8 31. Bd5+ Kf8 32. Qb4+ Qe7 33. Re1 Qxb4 34. Nxh7# 1-0

[Event "PRO League Stage"]
[Site "Chess.com INT"]
[Date "2018.02.03"]
[Round "4"]
[White "Shimanov, Aleksandr"]
[Black "Miroshnichenko, Evgenij"]
[Result "1/2-1/2"]
[WhiteElo "2641"]
[BlackElo "2606"]
[PlyCount "68"]
[EventDate "2018.01.18"]
[EventType "team-swiss (rapid)"]
[EventRounds "9"]
[EventCountry "USA"]
[SourceTitle "CBM 182 Extra"]
[Source "ChessBase"]
[SourceDate "2018.02.23"]
[SourceVersion "1"]
[SourceVersionDate "2018.02.23"]
[SourceQuality "1"]
[WhiteTeam "Webster Windmills"]
[BlackTeam "Australia Kangaroos"]
[WhiteTeamCountry "USA"]
[BlackTeamCountry "AUS"]

1. Nf3 Nf6 2. d4 e6 3. Bf4 Be7 4. c4 d5 5. Nc3 0-0 6. e3 Nbd7 7. Be2 dxc4 8. 0-0 a6 9. a4 b6 10. d5 Nc5 11. Bxc4 exd5 12. Nxd5 Nxd5 13. Bxd5 Bb7 14. Bxb7 Nxb7 15. Qxd8 Bxd8 16. Rfd1 Rc8 17. Ne5 c5 18. Nc4 b5 19. axb5 axb5 20. Na3 b4 21. Nc4 Bf6 22. g4 g5 23. Bg3 Ra8 24. Rxa8 Rxa8 25. Rd7 Na5 26. Be5 Kg7 27. Bxf6+ Kxf6 28. Nd2 c4 29. Rc7 Rd8 30. Nxc4 Rd1+ 31. Kg2 Rc1 32. b3 Nxc4 33. bxc4 b3 34. Rb7 Rxc4 1/2-1/2

[Event "Guilan Stars Cup 1st"]
[Site "Guilan"]
[Date "2016.07.18"]
[Round "8.6"]
[White "Miroshnichenko, Evgenij"]
[Black "Idani, Pouya"]
[Result "1-0"]
[WhiteElo "2616"]
[BlackElo "2560"]
[PlyCount "67"]
[EventDate "2016.07.11"]
[EventType "schev"]
[EventRounds "10"]
[EventCountry "IRI"]
[SourceTitle "CBM 174"]
[Source "ChessBase"]
[SourceDate "2016.09.13"]
[SourceVersion "1"]
[SourceVersionDate "2016.09.13"]
[SourceQuality "1"]
[WhiteTeam "World Stars"]
[BlackTeam "Iran Stars"]
[BlackTeamCountry "IRI"]

1. e4 c5 2. Nf3 d6 3. d4 Nf6 4. Nc3 cxd4 5. Nxd4 a6 6. Nb3 e6 7. g4 b5 8. Bg2 Bb7 9. g5 Nfd7 10. Be3 b4 11. Ne2 Ne5 12. Ned4 Nc4 13. Qe2 Nxe3 14. Qxe3 Nd7 15. f4 Qb6 16. Qh3 e5 17. fxe5 Nxe5 18. 0-0-0 g6 19. Kb1 Bg7 20. Ne6 Bf8 21. Nxf8 Kxf8 22. Rhf1 Bc8 23. Qh6+ Kg8 24. h3 Ra7 25. Rf6 Rd7 26. Nd4 Rd8 27. Rff1 Qc7 28. Nf5 gxf5 29. exf5 Qe7 30. Bd5 Rd7 31. Rg1 Qf8 32. Qh4 Bb7 33. Bb3 Nf3 34. g6 1-0

[Event "Guilan Stars Cup 1st"]
[Site "Guilan"]
[Date "2016.07.15"]
[Round "5.6"]
[White "Miroshnichenko, Evgenij"]
[Black "Mousavi, Seyed Khalil"]
[Result "1-0"]
[WhiteElo "2616"]
[BlackElo "2432"]
[PlyCount "123"]
[EventDate "2016.07.11"]
[EventType "schev"]
[EventRounds "10"]
[EventCountry "IRI"]
[SourceTitle "CBM 174"]
[Source "ChessBase"]
[SourceDate "2016.09.13"]
[SourceVersion "1"]
[SourceVersionDate "2016.09.13"]
[SourceQuality "1"]
[WhiteTeam "World Stars"]
[BlackTeam "Iran Stars"]
[BlackTeamCountry "IRI"]

1. Nf3 Nf6 2. c4 e6 3. g3 d5 4. b3 c5 5. Bg2 Nc6 6. 0-0 Be7 7. e3 d4 8. exd4 cxd4 9. Re1 0-0 10. d3 Bd6 11. Na3 e5 12. Nc2 Re8 13. Bg5 h6 14. Bxf6 Qxf6 15. Nd2 Qg6 16. Ne4 Bg4 17. Qb1 Bf8 18. b4 a5 19. bxa5 Nxa5 20. Nb4 Rab8 21. Nd5 b5 22. cxb5 Red8 23. Nd2 Qe6 24. Nc7 Qd7 25. b6 Qd6 26. Qb5 Qxb6 27. Qxb6 Rxb6 28. Rxe5 Nc6 29. Rb5 Rxb5 30. Nxb5 Ne5 31. a4 Bb4 32. Nb3 Bc3 33. Nxc3 dxc3 34. d4 c2 35. Be4 Nf3+ 36. Kg2 Nxd4 37. Nxd4 Rxd4 38. Bxc2 Rc4 39. Bd3 Rd4 40. Bf1 Kf8 41. a5 Rd7 42. a6 Ra7 43. Rb1 Bf5 44. Rb5 Bd7 45. Rb8+ Ke7 46. Kf3 Kd6 47. Kf4 Bc6 48. Rg8 g6 49. Rd8+ Ke7 50. Rc8 Kd6 51. h4 Re7 52. Bd3 Bd5 53. Rd8+ Kc5 54. f3 Bc6 55. g4 Kb6 56. Rd6 Kc7 57. Rf6 Rd7 58. Be4 Bxe4 59. fxe4 Kd8 60. h5 Ke7 61. Rb6 gxh5 62. Rb7 1-0

[Event "Moscow-chT"]
[Site "Moscow"]
[Date "2015.11.01"]
[Round "9.1"]
[White "Miroshnichenko, Evgenij"]
[Black "Belous, Vladimir"]
[Result "1/2-1/2"]
[WhiteElo "2609"]
[BlackElo "2566"]
[PlyCount "79"]
[EventDate "2015.10.15"]
[EventType "team-swiss"]
[EventRounds "9"]
[EventCountry "RUS"]
[SourceTitle "EXT 2017"]
[Source "ChessBase"]
[SourceDate "2016.10.25"]
[SourceVersion "1"]
[SourceVersionDate "2016.10.25"]
[SourceQuality "1"]
[WhiteTeam "RSUH CC"]
[BlackTeam "SergArk team"]
[WhiteTeamCountry "RUS"]
[BlackTeamCountry "RUS"]

1. e4 c5 2. Nf3 e6 3. g3 Nc6 4. Bg2 Nf6 5. Qe2 Be7 6. e5 Nd5 7. c4 Nb6 8. 0-0 d6 9. exd6 Qxd6 10. Nc3 0-0 11. d3 Rd8 12. Rd1 e5 13. Be3 Bf5 14. Ne1 Qg6 15. Ne4 Nxc4 16. dxc4 Rxd1 17. Rxd1 Bxe4 18. Bxc5 Bxg2 19. Bxe7 Bh3 20. Bc5 Re8 21. b3 Qf5 22. Rd5 Qc8 23. Nc2 h6 24. f3 Bf5 25. Ne3 Be6 26. Rd2 b6 27. Ba3 Nd4 28. Qd1 Rd8 29. Kf2 Rd7 30. Nc2 Qa6 31. Nxd4 exd4 32. Bc1 b5 33. Rxd4 Qxa2+ 34. Qd2 Qxd2+ 35. Rxd2 Rxd2+ 36. Bxd2 bxc4 37. bxc4 Bxc4 38. g4 f6 39. h4 Kf7 40. h5 1/2-1/2

[Event "Al Ain op 3rd"]
[Site "Al Ain"]
[Date "2014.12.25"]
[Round "8"]
[White "Lodhi, Mahmood"]
[Black "Miroshnichenko, Evgenij"]
[Result "1-0"]
[WhiteElo "2328"]
[BlackElo "2618"]
[PlyCount "87"]
[EventDate "2014.12.19"]
[EventType "swiss"]
[EventRounds "9"]
[EventCountry "UAE"]
[SourceTitle "CBM 164 Extra"]
[Source "ChessBase"]
[SourceDate "2015.03.02"]
[SourceVersion "1"]
[SourceVersionDate "2015.03.02"]
[SourceQuality "1"]

1. d4 g6 2. g3 Bg7 3. Bg2 d6 4. Nf3 Nd7 5. 0-0 e5 6. dxe5 dxe5 7. Nc3 Ne7 8. e4 0-0 9. b3 b6 10. a4 Re8 11. Bg5 h6 12. Be3 Kh7 13. Qe2 c6 14. Rfd1 Qc7 15. Qc4 Nf8 16. Nb5 Qb8 17. Nd6 Be6 18. Qc3 Rd8 19. Nc4 f6 20. a5 Rxd1+ 21. Rxd1 Nc8 22. Ne1 Qc7 23. Nd3 Rb8 24. Nb4 b5 25. Na6 Qb7 26. Nc5 Qe7 27. Nb2 Qe8 28. Nbd3 Bg8 29. Nb4 Ne7 30. Qd3 g5 31. Nba6 Rc8 32. Bh3 Neg6 33. Bf5 Kh8 34. Qd6 Ne7 35. Bxc8 Nxc8 36. Qd8 Qh5 37. Rd2 Qh3 38. Nc7 Bf7 39. Rd7 Bh5 40. Rxg7 Kxg7 41. Ne8+ Kf7 42. Qxc8 Bg4 43. Nd6+ Kg8 44. Nf5 1-0

[Event "Al Ain rapid"]
[Site "Al Ain"]
[Date "2014.12.18"]
[Round "6"]
[White "Gasimov, Parviz"]
[Black "Miroshnichenko, Evgenij"]
[Result "0-1"]
[WhiteElo "2295"]
[BlackElo "2598"]
[PlyCount "78"]
[EventDate "2014.12.18"]
[EventType "swiss (rapid)"]
[EventRounds "7"]
[EventCountry "UAE"]
[SourceTitle "EXT 2016"]
[Source "ChessBase"]
[SourceDate "2015.10.08"]
[SourceVersion "1"]
[SourceVersionDate "2015.10.08"]
[SourceQuality "1"]

1. e4 d5 2. exd5 Qxd5 3. Nc3 Qd6 4. d4 Nf6 5. Nf3 g6 6. Be2 Bg7 7. 0-0 0-0 8. Nb5 Qd8 9. c4 c6 10. Nc3 Bg4 11. h3 Bxf3 12. Bxf3 Nbd7 13. Re1 Re8 14. Bf4 Nb6 15. Qd3 Nfd7 16. Rad1 e5 17. dxe5 Nxe5 18. Bxe5 Qxd3 19. Rxd3 Bxe5 20. b3 Bxc3 21. Rxe8+ Rxe8 22. Rxc3 Re1+ 23. Kh2 Kf8 24. Re3 Ra1 25. a4 Nd7 26. Be4 Ra2 27. Kg3 Nc5 28. Bf3 Rb2 29. Bd1 a5 30. f3 f6 31. f4 Kf7 32. h4 f5 33. Kf3 h5 34. g3 Kf6 35. Rc3 Rd2 36. Be2 Ne4 37. Re3 Ke6 38. c5 Kd5 39. Rd3+ Kxc5 0-1

[Event "Al Ain rapid"]
[Site "Al Ain"]
[Date "2014.12.18"]
[Round "5"]
[White "Miroshnichenko, Evgenij"]
[Black "Babujian, Levon"]
[Result "1-0"]
[WhiteElo "2598"]
[BlackElo "2471"]
[PlyCount "111"]
[EventDate "2014.12.18"]
[EventType "swiss (rapid)"]
[EventRounds "7"]
[EventCountry "UAE"]
[SourceTitle "EXT 2016"]
[Source "ChessBase"]
[SourceDate "2015.10.08"]
[SourceVersion "1"]
[SourceVersionDate "2015.10.08"]
[SourceQuality "1"]

1. d4 Nf6 2. c4 e6 3. Nc3 Bb4 4. Qc2 0-0 5. a3 Bxc3+ 6. Qxc3 b6 7. Bg5 Bb7 8. e3 d6 9. Nf3 Nbd7 10. Nd2 c5 11. dxc5 bxc5 12. f3 a5 13. Bd3 Rb8 14. 0-0 Bc6 15. b3 Rb7 16. Bh4 Qb6 17. Rab1 Rfb8 18. Bf2 Qc7 19. Rfc1 Ra7 20. Bc2 Nf8 21. Rb2 e5 22. h3 Ne6 23. Nf1 Kh8 24. Ng3 Ng8 25. Rd1 Rd8 26. Be4 Ne7 27. Rbd2 Ra6 28. Qc2 Bxe4 29. Nxe4 Nc8 30. Nc3 Qb7 31. a4 Kg8 32. Nb5 Nc7 33. f4 f6 34. f5 Nxb5 35. cxb5 Ra7 36. e4 Re8 37. g4 Qf7 38. Be3 Rc7 39. Qc3 c4 40. Rc1 Ne7 41. Rxd6 Rec8 42. b6 Rb7 43. bxc4 Nc6 44. c5 Kh8 45. Qc4 Qe8 46. Qe6 Re7 47. Qc4 h5 48. Rcd1 Nb4 49. Qb5 Qg8 50. b7 Rb8 51. Rd8 Re8 52. Rxe8 Rxe8 53. Rd2 Kh7 54. g5 fxg5 55. Bxg5 Qb3 56. Qxe8 1-0

[Event "Al Ain rapid"]
[Site "Al Ain"]
[Date "2014.12.18"]
[Round "4"]
[White "Shyam, Sundar M"]
[Black "Miroshnichenko, Evgenij"]
[Result "1/2-1/2"]
[WhiteElo "2484"]
[BlackElo "2598"]
[PlyCount "68"]
[EventDate "2014.12.18"]
[EventType "swiss (rapid)"]
[EventRounds "7"]
[EventCountry "UAE"]
[SourceTitle "EXT 2016"]
[Source "ChessBase"]
[SourceDate "2015.10.08"]
[SourceVersion "1"]
[SourceVersionDate "2015.10.08"]
[SourceQuality "1"]

1. e4 d6 2. d4 Nf6 3. Nc3 e5 4. dxe5 dxe5 5. Qxd8+ Kxd8 6. Bg5 Be6 7. f4 exf4 8. Nge2 Nbd7 9. 0-0-0 Bd6 10. Nxf4 Be5 11. Ncd5 Kc8 12. Bxf6 Nxf6 13. Nxe6 fxe6 14. Nxf6 gxf6 15. Bc4 Re8 16. Rd3 a6 17. Rh3 b5 18. Be2 Re7 19. a4 c6 20. c3 Kc7 21. Kc2 Kb6 22. Rd3 Raa7 23. g3 Rad7 24. Rxd7 Rxd7 25. Bg4 Re7 26. Rd1 bxa4 27. Ra1 h5 28. Bxh5 Rh7 29. g4 Bxh2 30. Rxa4 Be5 31. Kb3 a5 32. Ra1 Rd7 33. Kc2 Bf4 34. Rd1 Rxd1 1/2-1/2

[Event "ROM-chT"]
[Site "Calimanesti"]
[Date "2014.11.16"]
[Round "9.1"]
[White "Miroshnichenko, Evgenij"]
[Black "Vedmediuc, Serghei"]
[Result "1/2-1/2"]
[WhiteElo "2609"]
[BlackElo "2401"]
[PlyCount "72"]
[EventDate "2014.11.08"]
[EventType "team-tourn"]
[EventRounds "9"]
[EventCountry "ROU"]
[SourceTitle "EXT 2016"]
[Source "ChessBase"]
[SourceDate "2015.10.08"]
[SourceVersion "1"]
[SourceVersionDate "2015.10.08"]
[SourceQuality "1"]
[WhiteTeam "Iasi Politehnica"]
[BlackTeam "Galati"]
[WhiteTeamCountry "ROU"]
[BlackTeamCountry "ROU"]

1. b3 d5 2. Bb2 Nf6 3. e3 e6 4. f4 Bd6 5. Nf3 0-0 6. Nc3 c5 7. Ne2 Nbd7 8. g3 b6 9. Bg2 Bb7 10. 0-0 Qe7 11. Nh4 g6 12. c4 Rab8 13. Nc3 a6 14. d3 Bc7 15. a4 Rfd8 16. Qe2 d4 17. Nd1 dxe3 18. Nxe3 Bxg2 19. Nhxg2 b5 20. axb5 axb5 21. Bc3 Qd6 22. Rad1 bxc4 23. bxc4 Qc6 24. g4 Rb3 25. Ba1 Bd6 26. g5 Nh5 27. f5 exf5 28. Nxf5 gxf5 29. Qxh5 Be5 30. Rxf5 Qe6 31. Rff1 Bxa1 32. Rxa1 Rxd3 33. Rae1 Qxc4 34. Re7 Ne5 35. g6 Nxg6 36. Rexf7 Qxf7 1/2-1/2

[Event "ROM-chT"]
[Site "Calimanesti"]
[Date "2014.11.13"]
[Round "6.4"]
[White "Nisipeanu, Liviu Dieter"]
[Black "Miroshnichenko, Evgenij"]
[Result "1/2-1/2"]
[WhiteElo "2652"]
[BlackElo "2609"]
[PlyCount "39"]
[EventDate "2014.11.08"]
[EventType "team-tourn"]
[EventRounds "9"]
[EventCountry "ROU"]
[SourceTitle "EXT 2015"]
[Source "ChessBase"]
[SourceDate "2014.11.20"]
[SourceVersion "1"]
[SourceVersionDate "2014.11.20"]
[SourceQuality "1"]
[WhiteTeam "Baia Mare"]
[BlackTeam "Iasi Politehnica"]
[WhiteTeamCountry "ROU"]
[BlackTeamCountry "ROU"]

1. d4 d5 2. c4 c6 3. Nf3 Nf6 4. e3 Bg4 5. h3 Bxf3 6. Qxf3 e6 7. Nc3 Bb4 8. Bd3 Nbd7 9. 0-0 0-0 10. Qd1 dxc4 11. Bxc4 c5 12. Qb3 cxd4 13. exd4 Qa5 14. Bd2 Nb6 15. Bd3 Rfd8 16. a3 Bf8 17. Rad1 Qh5 18. Be2 Qh4 19. Bf3 Rab8 20. Bc1 1/2-1/2